000 01062nam a2200265Ia 4500
003 OSt
005 20220923230951.0
006 a|||||r|||| 00| 0
007 ta
008 220922b |||||||| |||| 00| 0 hin d
020 _c125
024 _a324,956
037 _b1292, 13/03/2018, Akshar Publishers & Distributors
_cTextual
040 _aARTS
_cARTS
_bhin
041 _2hin
_ahin
082 _aO152:g, L2
100 _aवार्ष्णेय, लक्ष्मीसागर, ले.
_9168544
245 0 _aपरिप्रेक्ष्य और प्रतिक्रियाएॅं
246 _aPariprekṣhya aur pratikriyāeॅan
260 _aदिल्ली
_b नेशनल पब्लिशिंग हाउस
_c1972
300 _a146पृ.
_ccm.
650 _aहिन्दी साहित्य
_9156264
942 _hO152:g, L2
_cTEXL
_2CC
999 _c388488
_d388488